000 00778nam a2200253Ia 4500
003 OSt
005 20220930072858.0
006 a|||||r|||| 00| 0
007 ta
008 220926b |||||||| |||| 00| 0 hin d
024 _a25643
037 _cTheses
040 _aCRL
_cCRL
_bhin
041 _2hin
_ahin
100 _aChaudhary Ajay
_9530613
110 _aUniversity of Delhi. Faculty of Arts. Department of Sanskrit
245 0 _aUdaynacharya krit 'Gun' Kirnavali ka samikshatamak adhyayan.
260 _c1998
650 _aSANSKRIT
700 _a Shashi Parbha Kumar Supervisor
_9530614
700 _aUniversity of Delhi. Faculty of Arts. Department of Sanskrit
942 _cDIS
_2CC
999 _c864410
_d864410